MARC

LEADER 00000nam0a2200000 4500
001 60443
005 20231101211900.0
010 |a 0582338026 
035 |a (RuTPU)RU\TPU\book\63927 
090 |a 60443 
100 |a 20040209d2001 m y0engy50 ba 
101 0 |a eng 
102 |a GB 
105 |a a j 000zy 
200 1 |a Gold exam maximiser with key  |e Advanced  |f S. Burgess, R. Acklam 
205 |a 2-nd ed. 
210 |c Longman  |d 2001  |a Harlow 
215 |a 176 p.  |c il. 
606 1 |a Английский язык  |x Учебные руководства и пособия  |x Учебные руководства и пособия для высшей школы  |2 stltpush  |3 (RuTPU)RU\TPU\subj\29071  |9 52483 
610 1 |a лексика 
610 1 |a грамматика 
610 1 |a разговорная речь 
610 1 |a упражнения 
610 1 |a сертификаты 
686 |a Ш143.21-923  |v LBC/SL-A  |2 rubbk 
700 1 |a Burgess  |b S.  |g Sally 
701 1 |a Acklam  |b R.  |g Richard 
801 1 |a RU  |b 63413507  |c 20040209  |g PSBO 
801 2 |a RU  |b 63413507  |c 20221205  |g PSBO 
942 |c BK